| 000 | 00491nam a22001577a 4500 | ||
|---|---|---|---|
| 999 |
_c12004 _d12004 |
||
| 008 | 211103b ||||| |||| 00| 0 eng d | ||
| 020 | _a9788188222704 | ||
| 082 |
_a530.076 _bSAU |
||
| 100 | _aSaurabh, A. | ||
| 245 | _aIndia & International Physics olympiads : includes chapterwise questions of various olympiads | ||
| 260 |
_aMeerut _bArihant publications _c2011 |
||
| 300 | _a296p. | ||
| 650 | _aPhysics--Competitions | ||
| 650 | _aPhysics--Study and teaching (Secondary) | ||
| 942 | _cGB | ||